| 000 | 00723nam a2200229Ia 4500 | ||
|---|---|---|---|
| 003 | GCL | ||
| 008 | 140319s9999 xx 000 0 ara d | ||
| 040 |
_aGCL / _cGCL |
||
| 082 | 0 | 4 |
_a336.22 _bح ض |
| 100 | 1 | _aحامد عبدالمجيد دراز | |
| 245 | 1 | 0 |
_aالضرائب العقارية والتنمية الاقتصادية / _cحامد عبدالمجيد دراز |
| 260 |
_a[S.N] : _bمؤسسة شباب الجامعة ، _c1989 |
||
| 300 | _a426 ص | ||
| 490 | _a | ||
| 650 | 0 | 4 | _aالاقتصاد |
| 650 | 0 | 4 | _aالضرائب |
| 650 | 0 | 4 | _aالتنمية الاقتصادية |
| 650 | 0 | 4 | _aالاجتماع |
| 650 | 0 | 4 | _aالمالية العامة |
| 650 | 0 | 4 | _aالعقارات |
| 942 |
_2ddc _cBK |
||
| 999 |
_c28948 _d28948 |
||